00674nam a22002171a 4500001000800000005001700008008004100025010002300066020001500089035000300104040001800107050002300125082002600148100002200174245008800196260004100284300002700325490003200352504002900384650004300413473411320110718125752.0850103s1985 tnua b 000 0 eng  a84029032a84029032 a0687024889  aDLCcDLCdDLC00aBV1534b.G735 198500aBV 1534.G735 19852191 aGriggs, Donald L.10aBasic skills for church teachers /cDonald L. Griggs ; photography by Scott Griggs. aNashville :bAbingdon Press,cc1985. a112 p. : ill. ; 28 cm.0 aGriggs educational resource aIncludes bibliographies. 0aChristian educationxTeaching methods.